00858cam a2200229 4500082002700000100002800027245009800055250001100153260005700164300003900221490004200260500002200302500004000324526003700364650002300401650001300424650003100437650003300468942001200501999001900513952009600532 a531.38bSOUcL-5, P-381 aSouthwell, R. V.93909513aAn introduction to the theory of elasticity for engineers and physicists,cby R.V. Southwell. a2d ed. a[London,aNew York]bOxford University Press,c1941. avi, 509 p.b2 pl., diagrs.c24 cm.1 aThe Oxford engineering science series aIncludes indexes. aIssued with various printing dates. a0b0c0d531_380000000000000_SOU 0aElasticity.910835 0aMCE9379 0aMechanics, Applied.913090 0aStrains and stresses.928238 2ddccBK c544297d544297 00102ddc4070aMCEbMCEd2014-04-16l0o531.38 SOUpMCE-30385r2014-04-16w2014-04-16yBK